000 01236nam0a2200313 4500
001 RU\NLR\BIBL_A\012830121
005 20260409080644.0
010 _a5-85770-135-X
_910000
035 _a(NLR Aleph) 012830121
090 _a12354970
_c12354970
100 _a20220627d1994 |||y0rusy50 ca
101 1 _arus
_cgrc
102 _aRU
105 _ay z 000 y
181 0 _ai4
_baxxe
182 0 _an
200 1 _aЕвангелие в изложении Луки
_eпер. с древнегреч.
_e[параллельно с "синодальным переводом"]
_fпослесл. Э. Г. Юнца
203 _aТекст
_bвизуальный
_cнепосредственный
210 _aМосква
_cПротестант
_d1994
215 _a127 с.
_d20
225 1 _aНовая русская Библия. Новый Завет
500 _8rus
_aБиблия
_iН.З
_iЕвангелие от Луки
_7ca
_3RU\NLR\AUTH\553149
_92631085
605 _aБиблия
_iНовый Завет
_iЕвангелие от Луки
_92079121
_3RU\NLR\AUTH\661254994
686 1 _aЭ37-220.911.33
852 _aNLR
_j94-3/3261
942 _cBOOK
980 _aNB